| 000 | 01129cam a22002651 4500 | ||
|---|---|---|---|
| 001 | e 32000393 | ||
| 003 | DLC | ||
| 005 | 20260227111222.0 | ||
| 008 | 770218s1932 dcuaf b 000 0 eng c | ||
| 010 | _ae 32000393 | ||
| 035 | _a(OCoLC)2748035 | ||
| 040 |
_aU. S. Office of Education. Library _cABAU _dABAU _dOCoLC _dDLC |
||
| 042 | _apremarc | ||
| 050 | 0 | 0 |
_aL111 _b.A6 1932, no. 5 |
| 051 |
_aL111 _b.A6 1932 no. 5 _cCopy 2. |
||
| 100 | 1 |
_aAbel, James F. _q(James Frederick), _d1878- |
|
| 245 | 1 | 0 |
_aEducation in Belgium, _cby James F. Abel, chief Division of Foreign School Systems, Office of Education. |
| 260 |
_aWashington, _bU.S. Govt. Print. Off., _c1932. |
||
| 300 |
_avii, 145 p. _bincl. tables, diagr., front., plates. _c23 cm. |
||
| 490 | 1 |
_aU. S. Office of Education. Bulletin, 1932, _vno. 5 |
|
| 500 | _aAt head of title: United States Department of the interior. Ray Lyman Wilbur, secretary. Office of education. William John Cooper, commissioner. | ||
| 504 | _aBibliography at end of each chapter. | ||
| 650 | 0 |
_aEducation _zBelgium. |
|
| 810 | 1 |
_aUnited States. _bOffice of Education. _tBulletin ; _v1932, no. 5. |
|
| 999 |
_c21226 _d21226 |
||